Hauptstädte der Länder im Jahr 1914 - Statistiken

Allgemein
  • Dieses Quiz wurde 122 mal gespielt
  • Das Durchschnittsergebnis liegt bei 41 aus 64
Antwortstatistiken
Land Hauptstadt % Korrekt
Afghanistan Kabul
93%
Deutschland Berlin
88%
Belgien Brüssel
87%
Frankreich Paris
86%
Italien Rom
86%
Japan Tokio
86%
Austria-Hungary Wien | Budapest
86%
Schweiz Bern
85%
Dänemark Kopenhagen
85%
Vereinigtes Königreich London
85%
Spanien Madrid
85%
Norwegen Oslo
85%
Schweden Stockholm
85%
Vereinigte Staaten Washington D.C.
85%
Portugal Lissabon
84%
Mexiko Mexiko-Stadt
84%
Monaco Monaco
84%
Niederlande Amsterdam
83%
China Peking
83%
Bulgarien Sofia
83%
Liechtenstein Vaduz
83%
Griechenland Athen
82%
Argentinien Buenos Aires
82%
Kanada Ottawa
82%
Rumänien Bukarest
81%
San Marino San Marino
81%
Serbien Belgrad
79%
Kuba Havanna
79%
Panama Panama-Stadt
77%
Peru Lima
76%
Chile Santiago
76%
Persia Teheran
76%
Andorra Andorra la Vella
74%
Russland Saint Petersburg
74%
Neuseeland Wellington
74%
Uruguay Montevideo
73%
Kolumbien Bogotá
72%
Australien Melbourne
72%
Äthiopien Addis Abeba
68%
Venezuela Caracas
65%
Ecuador Quito
65%
El Salvador San Salvador
65%
Guatemala Guatemala-Stadt
63%
Siam Bangkok
60%
Südafrika Pretoria
60%
Brasilien Rio de Janeiro
60%
Haiti Port-au-Prince
58%
Paraguay Asunción
52%
Dominikanische Republik Santo Domingo
52%
Bolivien Sucre
51%
Costa Rica San José
49%
Liberia Monrovia
45%
Muscat and Oman Maskat
39%
Honduras Tegucigalpa
39%
Nicaragua Managua
38%
Nedj and Hasa Riad
16%
Albanien Durres
11%
Newfoundland Saint John's
11%
Ottoman Empire Constantinople
3%
Montenegro Cetinje
2%
Luxemburg Luxembourg City
2%
Ha'il Ha'il
1%
Sulu Jolo
0%
Mongolei Niislel Khuree
0%
Keine übereinstimmenden Quizze gefunden
Verteilung der Resultate
Anzahl Personen mit jedem Resultat
Perzentil nach korrekt beantworteten Fragen
Ihre Resultats-Entwicklung
Sie haben dieses Quiz noch nicht gespielt